| 000 | 01240cam a22002774a 4500 | ||
|---|---|---|---|
| 001 | 15672262 | ||
| 005 | 20171227033456.0 | ||
| 008 | 090324s2009 nyu 001 0 eng | ||
| 010 | _a 2009012584 | ||
| 020 | _a9780735578050 (hbk.) | ||
| 020 | _a0735578052 (hbk.) | ||
| 020 | _a9780735578067 (pbk. ; teacher's manual) | ||
| 035 | _a(OCoLC)ocn317288678 | ||
| 040 |
_aDLC _cDLC _dYDX _dBTCTA _dZYF _dYDXCP _dCDX _dDLC |
||
| 041 | _aeng | ||
| 043 | _an-us--- | ||
| 080 | _a346.730922 | ||
| 082 | 0 | 0 |
_a346.730922 COX _222 |
| 100 | 1 | _a14 | |
| 101 | _aSHJ | ||
| 245 | 1 | 0 |
_aSecurities regulation : _cJames D. Cox, Robert W. Hillman, Donald C. Langevoort. |
| 525 | _aKept up to date by supplements, some have sub-title: Selected statutes, rules, and forms. | ||
| 906 |
_a7 _bcbc _corignew _d1 _eecip _f20 _gy-gencatlg |
||
| 942 |
_2ddc _cBK |
||
| 999 |
_c39435 _d39435 |
||